000 00476nam a2200169Ia 4500
008 090711s9999 xx 000 0 und d
082 _b72433
100 _aखाडीलकर उषा
245 _aमला हवीस तू
260 _c1989
300 _a188
600 _aखाडीलकर उषा
630 _aमला हवीस तू
700 _aखाडीलकर उषा
730 _aमला हवीस तू
942 _cBOOK
999 _c304336
_d304336